00341nam a2200133Ia 4500008004100000041000800041082001200049100001900061245004500080250001400125260003100139300003200170365000500202240624s9999 xx 000 0 und d aeng a519 FEL aFELLER WILLIAM aINTRODUCTION TO PROBABILITY THEORY AND I a(2rd ed.) c2005aNew YorkbJohn Wiley axxiv, : 669 : p. : cm. ; 26 c